| 000 | 00552nam a2200181 u 4500 | ||
|---|---|---|---|
| 001 | 000542416 | ||
| 003 | AM-YeHGA | ||
| 005 | 20250618073019.0 | ||
| 008 | 070622s1931 ai | |||||||||||||arm|d | ||
| 040 | _aAM-YeHGA | ||
| 041 | 0 | _aarm | |
| 245 | 1 | 0 |
_aԾրագիր / _cՊատր.՝ Խ. Գաբիկեան. |
| 260 |
_aՀալէպ : _bտպ. Արարա, _c1931. |
||
| 300 |
_a136 էջ ; _c21 սմ. |
||
| 650 | 1 | 4 |
_aԴպրոցներ, վարժարաններ _vՏեղեկագիր _95206 |
| 700 | 1 |
_aԳաբիկեան, Խորէն _eպատր. _4com |
|
| 090 | _c205257 | ||
| 999 |
_c203762 _d203762 |
||